[Event "European Rapid Championship 2021"]
[Site "Katowice"]
[Date "2021.12.18"]
[Round "2.3"]
[White "Gerasimenyuk, Mikhail"]
[Black "Kovalenko, Igor"]
[Result "0-1"]
[WhiteElo "1984"]
[BlackElo "2649"]
[Annotator "TA"]
[PlyCount "228"]
[EventDate "2021.12.18"]
[EventType "swiss"]
[EventCountry "POL"]
[SourceTitle "playchess.com"]
[Source "ChessBase"]
[SourceQuality "1"]

{[%evp 9,228,11,13,8,12,4,0,-12,-6,-9,50,20,28,42,36,13,18,0,10,0,0,0,0,0,2,0,
0,-18,0,-26,-28,-59,-29,-42,-41,-36,0,-7,64,68,145,149,145,135,138,54,80,80,80,
80,81,80,95,80,80,32,80,17,20,0,0,0,2,0,0,0,0,0,0,0,0,0,0,0,0,0,0,0,0,0,0,0,0,
0,0,0,0,0,0,0,0,0,0,0,0,0,0,0,0,0,0,0,0,0,0,0,0,0,0,0,0,0,0,0,0,0,0,0,0,0,0,0,
0,0,0,0,0,0,0,0,0,0,0,0,0,0,6,1,1,0,0,0,1,1,1,0,0,0,0,0,0,0,0,0,0,0,0,0,0,0,0,
0,0,0,0,0,0,0,0,0,0,0,0,0,0,0,0,0,0,0,0,0,0,0,14,0,0,0,0,0,0,0,0,0,0,0,0,0,0,0,
0,0,0,0,0,0,0,0,0,0,0,-29977,-29978,-29978,-29979,-29987,-29979,-29983,-29984,
-29984,-29958]} 1. d4 Nf6 2. Nf3 b6 3. Bg5 Bb7 4. e3 e6 5. Bd3 d6 6. Nbd2 {
A47: 1 d4 Nf6 2 Nf3 b6: Torre, London and Colle Systems.} Nbd7 {was the old
line (6...h6).} 7. c3 h6 8. Bf4 {The position is equal.} (8. Bxf6 $5 Nxf6 9.
Ba6 $1 Bxa6 10. Qa4+ Qd7 11. Qxa6 $11) 8... g5 9. Bg3 {[#]} a6 $146 (9... g4
$11 10. Nh4 h5) ({Predecessor:} 9... Rg8 10. h3 h5 11. Qe2 g4 12. hxg4 hxg4 13.
Nh4 Be7 14. O-O-O Bf8 15. Ba6 Qc8 16. Bxb7 Qxb7 {1-0 (70) Mirzanurov,B (2238)
-Shubin,K (2429) Chess.com INT 2020}) 10. Qe2 Bg7 11. e4 Nh5 12. O-O O-O 13.
Rad1 Qe7 14. e5 Nxg3 15. hxg3 b5 16. Rfe1 Rfe8 17. Bb1 Rad8 18. Nf1 {[%cal
Bd2f1,Bf1h2,Bh2f3,Bf3g5][%mdl 32]} g4 19. Nh4 dxe5 20. Qxg4 Qg5 21. Qe2 exd4 $1
22. cxd4 Nf8 23. Nh2 Rxd4 (23... c5 $11) 24. N2f3 $14 Rxd1 ({Black should play
} 24... Bxf3 $14 25. Nxf3 Rxd1 26. Nxg5 Rxe1+ 27. Qxe1 hxg5) 25. Nxg5 $16 Rxe1+
26. Qxe1 hxg5 {[#]} 27. Nf3 ({Better is} 27. Nf5 $1 $16 {[%cal Rf5g7][%mdl 512]
}) 27... Bxf3 28. gxf3 Bxb2 29. Qa5 {[%csl LRa6,LRc7]} Rd8 30. Kg2 Rd5 31. Qxc7
Bf6 32. Qc1 (32. Qb6 $16) 32... Kg7 (32... Rd4 $14) 33. Be4 (33. Qa3 $16) 33...
Rd4 $11 34. Bb7 {[%mdl 1024] White has compensation.} Ra4 35. Qc2 Nd7 36. Be4
Rc4 37. Qd2 Nc5 38. Qd6 Nxe4 39. fxe4 Rxe4 40. Qxa6 {[%mdl 4096] Endgame KQ-KRB
} Ra4 41. Qxb5 Rxa2 42. Qb3 Rd2 43. Qe3 Rd5 44. Kh3 Bd4 45. Qe2 Kg6 46. Qe4+
Kg7 47. Qe2 Rf5 48. f3 Rd5 49. Qe4 Bc5 50. Qe2 Bd6 51. Qb2+ Kg6 52. Qc2+ Kf6
53. Qc3+ Ke7 54. Qg7 Rf5 55. Kg2 Be5 56. Qg8 Bf6 57. Qa8 Rd5 58. Qb7+ Kf8 59.
Qb4+ Kg7 60. Kh3 Rd3 61. Kg2 Rc3 62. Qe4 Rb3 63. Qc4 Rb2+ 64. Kh3 Rd2 65. Qb4
Rd4 66. Qe1 Rd5 67. Qb4 Bd4 68. Qe7 Kg6 69. Qe8 Be5 70. Qg8+ Bg7 71. Qc8 Rd4
72. Qc2+ f5 73. Qe2 Kf7 74. Kg2 Rb4 75. Qd3 Bd4 76. Kh3 Bf6 77. Qd7+ Be7 78.
Qd3 g4+ 79. fxg4 Rxg4 80. Qd7 Kf6 81. Qc6 Rd4 82. Qc3 e5 83. Qc6+ Bd6 84. Qe8
Rg4 85. Qd8+ Be7 86. Qb6+ Kf7 87. Qb3+ Kf6 88. Qb6+ Kf7 89. Qb3+ Kg6 90. Qg8+
Kf6 91. Qh8+ Rg7 92. Qh6+ Kf7 93. Qh5+ Ke6 94. Qe8 e4 95. Qc8+ Kf6 96. Qc6+ Kg5
97. Qc1+ Kg6 98. Qc6+ Bf6 99. Qe8+ Kg5 100. Qc6 e3 101. Qf3 Re7 102. Qe2 Bd4
103. g4 Rh7+ 104. Kg2 {Qd3 is the strong threat.} Rb7 {( -> ...Rb2)} 105. Qf3
Rb2+ 106. Kh3 Rf2 107. Qg3 e2 108. Qh4+ Kf4 109. gxf5+ Kf3 110. Qh5+ $2 {
[%mdl 8192] [#]} (110. Qe7 $11) 110... Ke3 $1 {Black mates.} 111. Qg5+ Kd3 112.
Qg3+ Kd2 113. Qg5+ {[#]} Kc2 $1 114. Qe7 Kd1 {Black used his chance.  Weighted
Error Value: White=0.10 (very precise) /Black=0.10 (very precise)} 0-1

[Event "European Rapid Championship 2021"]
[Site "Katowice"]
[Date "2021.12.18"]
[Round "2.3"]
[White "Malinowski, Damian"]
[Black "Piesik, Piotr"]
[Result "0-1"]
[WhiteElo "1885"]
[BlackElo "2342"]
[Annotator "ChessBase"]
[PlyCount "96"]
[EventDate "2021.12.18"]
[EventType "swiss"]
[EventCountry "POL"]
[SourceTitle "playchess.com"]
[Source "ChessBase"]
[SourceQuality "1"]
[TimeControl "900+10"]

1. c4 {[%emt 0:00:01]} g6 {[%emt 0:00:01]} 2. Nc3 {[%emt 0:00:02]} Bg7 {
[%emt 0:00:01]} 3. g3 {[%emt 0:00:02]} Nc6 {[%emt 0:00:02]} 4. Bg2 {[%emt 0:00:
03]} d6 {[%emt 0:00:01]} 5. e4 {[%emt 0:00:08]} Nd4 {[%emt 0:00:14]} 6. d3 {
[%emt 0:00:13]} c5 {[%emt 0:00:04]} 7. h3 {[%emt 0:00:58]} e6 {[%emt 0:00:08]}
8. Nge2 {[%emt 0:00:05]} Ne7 {[%emt 0:00:02]} 9. O-O {[%emt 0:00:08]} O-O {
[%emt 0:00:02]} 10. Be3 {[%emt 0:00:12]} Rb8 {[%emt 0:00:15]} 11. Qd2 {[%emt 0:
00:36]} Re8 {[%emt 0:00:12]} 12. Bh6 {[%emt 0:00:10]} Bh8 {[%emt 0:00:01]} 13.
Nxd4 {[%emt 0:00:18]} cxd4 {[%emt 0:00:13]} 14. Ne2 {[%emt 0:00:20]} b5 {
[%emt 0:00:33]} 15. b3 {[%emt 0:00:33]} d5 {[%emt 0:05:31]} 16. exd5 {[%emt 0:
02:30]} exd5 {[%emt 0:00:02]} 17. cxb5 {[%emt 0:00:43]} Rxb5 {[%emt 0:00:31]}
18. g4 {[%emt 0:01:03]} Nc6 {[%emt 0:01:41]} 19. Rac1 {[%emt 0:01:29]} Bb7 {
[%emt 0:01:59]} 20. Rfe1 {[%emt 0:01:39]} Bg7 {[%emt 0:02:21]} 21. Bxg7 {
[%emt 0:00:33]} Kxg7 {[%emt 0:00:01]} 22. Qf4 {[%emt 0:01:58]} Qf6 {[%emt 0:00:
26]} 23. Qxf6+ {[%emt 0:02:02]} Kxf6 {[%emt 0:00:01]} 24. Nf4 {[%emt 0:00:33]}
Rxe1+ {[%emt 0:00:07]} 25. Rxe1 {[%emt 0:00:01]} Nb4 {[%emt 0:00:03]} 26. a4 {
[%emt 0:00:25]} Rc5 {[%emt 0:00:07]} 27. Re8 {[%emt 0:00:29]} a5 {[%emt 0:01:
04]} 28. h4 {[%emt 0:01:21]} h6 {[%emt 0:00:14]} 29. Ne2 {[%emt 0:00:41]} Nxd3
{[%emt 0:01:14]} 30. Nxd4 {[%emt 0:00:07]} Rc1+ {[%emt 0:00:03]} 31. Kh2 {
[%emt 0:00:29]} Nxf2 {[%emt 0:00:08]} 32. Kg3 {[%emt 0:00:13]} Ne4+ {[%emt 0:
00:20]} 33. Bxe4 {[%emt 0:00:08]} dxe4 {[%emt 0:00:01]} 34. Rb8 {[%emt 0:00:12]
} Rc3+ {[%emt 0:00:24]} 35. Kf2 {[%emt 0:00:09]} Bd5 {[%emt 0:00:03]} 36. Rb5 {
[%emt 0:00:17]} Ke5 {[%emt 0:00:03]} 37. Ne2 {[%emt 0:00:11]} Rf3+ {[%emt 0:00:
17]} 38. Ke1 {[%emt 0:00:09]} Rxb3 {[%emt 0:00:04]} 39. Rxa5 {[%emt 0:00:05]}
e3 {[%emt 0:00:38]} 40. Ng3 {[%emt 0:00:21]} Kd4 {[%emt 0:00:20]} 41. Rb5 {
[%emt 0:00:07]} Ra3 {[%emt 0:00:16]} 42. Ne2+ {[%emt 0:00:09]} Kc4 {[%emt 0:00:
25]} 43. Nf4 {[%emt 0:00:09]} Bf3 {[%emt 0:00:14]} 44. Rb1 {[%emt 0:00:14]}
Rxa4 {[%emt 0:00:06]} 45. Rc1+ {[%emt 0:00:04]} Kd4 {[%emt 0:00:04]} 46. g5 {
[%emt 0:00:13]} hxg5 {[%emt 0:00:03]} 47. hxg5 {[%emt 0:00:02]} Ke4 {[%emt 0:
00:07]} 48. Nh3 {[%emt 0:00:22]} Bg4 {[%emt 0:00:12]} 0-1

[Event "European Rapid Championship 2021"]
[Site "Katowice"]
[Date "2021.12.18"]
[Round "2.4"]
[White "Balog, Imre"]
[Black "Szente Varga, Fruzsina"]
[Result "1-0"]
[WhiteElo "2629"]
[BlackElo "1984"]
[Annotator "TA"]
[PlyCount "125"]
[EventDate "2021.12.18"]
[EventType "swiss"]
[EventCountry "POL"]
[SourceTitle "playchess.com"]
[Source "ChessBase"]
[SourceQuality "1"]

{[%evp 17,125,51,68,43,59,29,74,74,232,245,241,235,244,230,250,236,261,258,270,
261,259,244,277,253,248,231,226,226,281,241,249,210,213,212,236,220,267,255,
281,272,266,239,234,215,291,139,199,160,183,169,166,107,97,100,107,117,117,63,
57,66,59,10,15,0,0,0,0,0,0,0,0,0,0,0,0,0,50,30,38,0,0,-18,24,0,27,27,296,297,
250,152,169,177,483,407,965,917,904,1185,1174,1092,1135,1118,1081,1090,1000,
971,5834,5493,2072,1457]} 1. d4 Nf6 2. c4 g6 3. Nc3 Bg7 4. g3 c6 5. e4 d6 6.
Bg2 O-O 7. Nf3 Qc7 8. O-O e5 9. h3 a6 {Recently 9...Re8 got a lot of attention.
} 10. dxe5 $5 {[%mdl 4] A promising side line. E62: King's Indian: Fianchetto:
6...c6 and Panno Variation (6...Nc6) without ...a6.} dxe5 11. c5 Rd8 (11... Qe7
$11 {feels stronger.}) 12. Qc2 $16 {[#] White is better.} b5 $146 {To avoid Na4
} (12... Be6 $16) ({Predecessor:} 12... Nbd7 13. Na4 Nf8 14. Nb6 Rb8 15. Bd2
Ne6 16. Rad1 Nd4 17. Nxd4 Rxd4 18. Bc3 Rxd1 19. Rxd1 {½-½ (25) Birkmann,G 
(1983)-Kappl,P (1917) Bayern 2004}) 13. cxb6 $1 $18 Qxb6 14. Nxe5 Be6 15. Be3
Qc7 16. Nd3 Nbd7 17. Na4 Re8 18. Rac1 Rac8 19. b3 h5 20. Bg5 Qa5 21. Qd2 Qb5
22. Ndc5 Bf8 23. Be3 Rcd8 24. Qc2 Nxc5 25. Nxc5 Bg7 26. Rfd1 Rxd1+ 27. Rxd1 Kh7
28. Bd4 Bc8 29. a4 Qa5 30. Qc3 Qd8 31. Re1 (31. Rd3 $18) 31... Qe7 (31... Nd5
$16 32. Qa1 (32. exd5 Rxe1+ 33. Qxe1 Bxd4 $16) 32... Bxd4 33. Qxd4 Nc7) 32. Qb2
Rd8 {[%cal Od8d4]} 33. e5 Nd5 34. e6 (34. b4 $18) 34... Bxd4 $16 35. Qxd4 Nc7
36. Qe5 {[#] Strongly threatening exf7. White is much more active.} Nxe6 37.
Ne4 ({Better is} 37. b4 $16) 37... Qb4 $14 38. Nf6+ Kh6 {[%cal Bh7h6,Bh6g7,
Bg7f6][%mdl 32]} 39. Bxc6 (39. g4 $14 {was preferrable.}) 39... Qd4 $11 40. Bd5
{Threatens to win with Qxd4.} Qxe5 41. Rxe5 Kg7 42. Ne4 Nd4 $1 {...Nf3+ is the
strong threat.} 43. Nc3 Bxh3 44. Re4 Nf3+ 45. Kh1 Ng5 46. Re5 Kf6 (46... Rc8
$11 47. Bc4 Bf5) 47. f4 $14 Ne6 {[%cal Oh5h4]} 48. b4 (48. Bc4 $5 {[%cal Rc4a6]
}) 48... Bf5 49. Kg1 Rc8 (49... h4 $142) 50. Re3 h4 51. Bb7 Rc4 {[%mdl 8192]} (
51... Rb8 $1 $11 {and Black has nothing to worry.} 52. Nd5+ (52. Bxa6 Nc7 $14)
52... Kg7 53. Bxa6 hxg3) 52. Bxa6 $18 ({And not} 52. Nd5+ Kg7 $11) 52... Rd4 {
Inhibits Nd5+.} 53. gxh4 {And now Bf1 would win.} Nxf4 54. b5 {Black must now
prevent b6.} Rb4 $2 (54... Nd3 {is tougher.}) 55. Bb7 {Hoping for a5.} Kg7 (
55... Rc4 $142) 56. a5 {[%cal Ba4a5,Ba5a6][%mdl 32] White is clearly winning.}
Nh3+ {[#]} 57. Rxh3 $1 {[%mdl 512]} Bxh3 {[%mdl 4096] Endgame KRB-KBN} 58. a6
Rg4+ 59. Kf2 Rf4+ 60. Ke3 Rc4 61. Kd2 Bc8 62. Bxc8 Rxc8 63. b6 {Weighted Error
Value: White=0.21 (precise) /Black=0.33} 1-0

[Event "European Rapid Championship 2021"]
[Site "Katowice"]
[Date "2021.12.18"]
[Round "2.4"]
[White "Savicevs, Arsenijs"]
[Black "Keinanen, Toivo"]
[Result "0-1"]
[WhiteElo "1881"]
[BlackElo "2341"]
[Annotator "NA"]
[PlyCount "42"]
[EventDate "2021.12.18"]
[EventType "swiss"]
[EventCountry "POL"]
[SourceTitle "playchess.com"]
[Source "ChessBase"]
[SourceQuality "1"]
[TimeControl "900+10"]

1. Nf3 {[%emt 0:00:03]} d5 {[%emt 0:00:35]} 2. c4 {[%emt 0:00:04]} d4 {[%emt 0:
01:11]} 3. b4 {[%emt 0:00:03]} Bg4 {[%emt 0:00:49]} 4. Bb2 {[%emt 0:00:30]}
Bxf3 {[%emt 0:00:08]} 5. gxf3 {[%emt 0:00:03]} e5 {[%emt 0:00:31]} 6. Rg1 {
[%emt 0:00:18]} Ne7 {[%emt 0:00:41]} 7. Bg2 {[%emt 0:00:33]} c6 {[%emt 0:01:10]
} 8. d3 {[%emt 0:00:51]} Ng6 {[%emt 0:00:47]} 9. a3 {[%emt 0:00:30]} Nd7 {
[%emt 0:01:33]} 10. Nd2 {[%emt 0:00:10]} Be7 {[%emt 0:00:23]} 11. Ne4 {[%emt 0:
00:35]} O-O {[%emt 0:00:20]} 12. Qb3 {[%emt 0:01:01]} a5 {[%emt 0:00:18]} 13.
c5 {[%emt 0:01:08]} b6 {[%emt 0:00:37]} 14. cxb6 {[%emt 0:02:22]} Nxb6 {
[%emt 0:01:07]} 15. Rc1 {[%emt 0:00:36]} axb4 {[%emt 0:00:10]} 16. axb4 {
[%emt 0:01:49]} Nd5 {[%emt 0:00:06]} 17. Nc5 {[%emt 0:01:16]} Rb8 {[%emt 0:01:
25]} 18. Rc4 {[%emt 0:00:57]} Nxb4 {[%emt 0:00:58]} 19. Rxb4 {[%emt 0:00:49]}
Qa5 {[%emt 0:00:26]} 20. Bc3 {[%emt 0:00:56]} dxc3 {[%emt 0:00:30]} 21. Rxb8 {
[%emt 0:03:04]} c2+ {[%emt 0:00:11]} 0-1

[Event "European Rapid Championship 2021"]
[Site "Katowice"]
[Date "2021.12.18"]
[Round "2.5"]
[White "Lis, Mateusz"]
[Black "Bernadskiy, Vitaliy"]
[Result "1/2-1/2"]
[WhiteElo "1983"]
[BlackElo "2616"]
[Annotator "TA"]
[PlyCount "97"]
[EventDate "2021.12.18"]
[EventType "swiss"]
[EventCountry "POL"]
[SourceTitle "playchess.com"]
[Source "ChessBase"]
[SourceQuality "1"]

{[%evp 21,97,18,22,-5,0,0,0,0,0,0,0,0,0,0,0,0,0,0,0,0,0,0,17,16,20,0,0,-9,0,0,
0,0,0,0,0,0,0,0,0,0,0,0,0,0,0,0,32,0,0,0,0,0,0,0,0,0,376,-27,-24,-34,51,51,244,
244,244,244,244,244,244,244,244,237,229,97,97,105,137,183]} 1. e4 c5 2. Nf3 d6
3. d4 cxd4 4. Nxd4 Nf6 5. Nc3 a6 6. Be3 e5 7. Nf3 Qc7 8. a4 Be7 9. Be2 O-O 10.
O-O h6 11. a5 Be6 12. Qd3 {B90: Sicilian Najdorf: Unusual White 6th moves, 6
Be3 Ng4 and 6 Be3 e5.} Nbd7 13. Nd2 {[#]} Nc5 $146 ({Predecessor:} 13... Rac8
14. Rfc1 Nc5 15. Bxc5 Qxc5 16. Bf3 Rfd8 17. Nd5 Nxd5 18. exd5 Bd7 19. c4 f5 20.
Nb3 Qb4 21. Be2 e4 22. Qc3 Qxc3 23. bxc3 {½-½ (23) Mamedyarov,S (2660)
-Karjakin,S (2576) Pamplona 2004}) 14. Bxc5 {The position is equal.} Qxc5 15.
Nc4 Rad8 16. Nb6 d5 17. exd5 Nxd5 18. Ncxd5 Bxd5 19. Nxd5 Rxd5 20. Qb3 Rd7 21.
Bf3 Rc7 22. c3 Rd8 23. Qc2 Rcd7 24. Rfd1 g6 25. g3 Kg7 26. Rxd7 Rxd7 27. Rd1
Rxd1+ 28. Qxd1 Qxa5 29. Qd7 {Prevents Qc7.} Qc5 30. Qxb7 a5 31. Kg2 Bd8 32. Bd5
Bc7 33. h4 e4 34. b4 Qxc3 {...e3 is the strong threat.} 35. bxa5 Qf3+ 36. Kg1
Qd1+ 37. Kg2 e3 {Hoping for ...e2.} 38. Qb2+ ({Reject} 38. Qxc7 Qxd5+ 39. Kh2
exf2 40. Qc3+ Kg8 $17) ({Much weaker is} 38. fxe3 Qe2+ 39. Kh3 Qf1+ 40. Bg2
Qf5+ 41. Kh2 Qxa5 $15) 38... Kg8 $2 {[%mdl 8192] [#]} (38... Kh7 $11 {and
Black stays safe.} 39. Bf3 Qd3) 39. Bf3 $2 (39. Qb5 $1 $18 {[%cal Rb5e8] White
wants to mate with Qe8+.} Kh7 40. Qd7) 39... Qd6 $11 40. a6 exf2 ({Black
should play} 40... Qxa6 $15 41. Qe2 Qxe2 42. Bxe2 exf2) 41. Qxf2 $14 {And now
a7 would win.} Bb6 {[#]} (41... Qxa6 $2 42. Bd5 Kh8 43. Qxf7 $16) (41... Qb6
$14) 42. a7 $1 $18 {[%mdl 512]} Bxf2 43. a8=Q+ Kh7 44. Kxf2 Qd4+ 45. Kg2 Qd2+
46. Kh3 {Threatens to win with Qd5.} Qd7+ 47. g4 (47. Kh2 $18) 47... h5 $16 48.
Qe4 hxg4+ 49. Qxg4 {Weighted Error Value: White=0.32/Black=0.30} ({Much worse
is} 49. Bxg4 $6 f5 $11) 1/2-1/2

[Event "European Rapid Championship 2021"]
[Site "Katowice"]
[Date "2021.12.18"]
[Round "2.5"]
[White "Wojciechowski, Pawel"]
[Black "Papasimakopoulos, Alexandros"]
[Result "1/2-1/2"]
[WhiteElo "1867"]
[BlackElo "2274"]
[Annotator "ChessBase"]
[PlyCount "116"]
[EventDate "2021.12.18"]
[EventType "swiss"]
[EventCountry "POL"]
[SourceTitle "playchess.com"]
[Source "ChessBase"]
[SourceQuality "1"]
[TimeControl "900+10"]

1. d4 {[%emt 0:00:01]} f5 {[%emt 0:00:02]} 2. g3 {[%emt 0:00:17]} Nf6 {[%emt 0:
00:02]} 3. Bg2 {[%emt 0:00:01]} g6 {[%emt 0:00:02]} 4. Nf3 {[%emt 0:00:06]} Bg7
{[%emt 0:00:01]} 5. O-O {[%emt 0:00:05]} O-O {[%emt 0:00:02]} 6. b3 {[%emt 0:
00:46]} Ne4 {[%emt 0:00:04]} 7. Bb2 {[%emt 0:00:16]} c5 {[%emt 0:00:03]} 8.
Nbd2 {[%emt 0:01:06]} Nc6 {[%emt 0:00:11]} 9. Nxe4 {[%emt 0:01:06]} fxe4 {
[%emt 0:00:03]} 10. Ne5 {[%emt 0:00:31]} Nxd4 {[%emt 0:00:17]} 11. e3 {[%emt 0:
01:23]} Nf3+ {[%emt 0:01:10]} 12. Bxf3 {[%emt 0:00:06]} exf3 {[%emt 0:00:02]}
13. Qd5+ {[%emt 0:01:15]} e6 {[%emt 0:00:02]} 14. Qd6 {[%emt 0:00:25]} Rf5 {
[%emt 0:04:15]} 15. Rad1 {[%emt 0:00:49]} Qg5 {[%emt 0:02:25]} 16. Nc4 {
[%emt 0:01:29]} Bxb2 {[%emt 0:00:05]} 17. Nxb2 {[%emt 0:00:02]} Qg4 {[%emt 0:
00:08]} 18. Nd3 {[%emt 0:00:39]} Qh3 {[%emt 0:01:04]} 19. Ne1 {[%emt 0:00:05]}
b6 {[%emt 0:00:26]} 20. e4 {[%emt 0:00:55]} Rf7 {[%emt 0:00:02]} 21. Rd3 {
[%emt 0:00:54]} Ba6 {[%emt 0:00:02]} 22. c4 {[%emt 0:00:03]} Bb7 {[%emt 0:00:
19]} 23. Rxf3 {[%emt 0:01:48]} Rxf3 {[%emt 0:00:02]} 24. Nxf3 {[%emt 0:00:01]}
Bxe4 {[%emt 0:00:02]} 25. Qf4 {[%emt 0:00:34]} d5 {[%emt 0:00:47]} 26. Qf7+ {
[%emt 0:01:03]} Kxf7 {[%emt 0:00:01]} 27. Ng5+ {[%emt 0:00:01]} Kf6 {[%emt 0:
00:17]} 28. Nxh3 {[%emt 0:00:02]} dxc4 {[%emt 0:00:02]} 29. bxc4 {[%emt 0:00:
17]} Bd3 {[%emt 0:00:02]} 30. Rc1 {[%emt 0:00:04]} e5 {[%emt 0:00:01]} 31. f4 {
[%emt 0:01:07]} e4 {[%emt 0:00:26]} 32. Nf2 {[%emt 0:00:21]} Rd8 {[%emt 0:00:
03]} 33. Ng4+ {[%emt 0:00:11]} Ke6 {[%emt 0:00:27]} 34. Kf2 {[%emt 0:00:15]} h5
{[%emt 0:01:14]} 35. Ne5 {[%emt 0:00:32]} g5 {[%emt 0:00:02]} 36. Ke3 {[%emt 0:
00:05]} gxf4+ {[%emt 0:00:01]} 37. gxf4 {[%emt 0:00:03]} Rg8 {[%emt 0:00:03]}
38. Nxd3 {[%emt 0:01:31]} exd3 {[%emt 0:00:01]} 39. Kxd3 {[%emt 0:00:11]} Rg2 {
[%emt 0:00:23]} 40. Re1+ {[%emt 0:00:02]} Kf6 {[%emt 0:00:01]} 41. Re2 {
[%emt 0:00:38]} Rg4 {[%emt 0:00:30]} 42. Ke4 {[%emt 0:00:15]} Rg1 {[%emt 0:00:
02]} 43. Rd2 {[%emt 0:00:30]} Rf1 {[%emt 0:00:09]} 44. Rd6+ {[%emt 0:00:07]}
Ke7 {[%emt 0:00:05]} 45. Rh6 {[%emt 0:00:12]} Rc1 {[%emt 0:00:06]} 46. Rxh5 {
[%emt 0:00:19]} Rxc4+ {[%emt 0:00:03]} 47. Ke5 {[%emt 0:00:04]} Ra4 {[%emt 0:
00:14]} 48. Rh7+ {[%emt 0:00:15]} Ke8 {[%emt 0:00:03]} 49. Ke6 {[%emt 0:00:08]}
Kf8 {[%emt 0:00:21]} 50. f5 {[%emt 0:00:09]} Rxa2 {[%emt 0:00:03]} 51. f6 {
[%emt 0:00:16]} Re2+ {[%emt 0:00:02]} 52. Kf5 {[%emt 0:00:01]} c4 {[%emt 0:00:
08]} 53. Rxa7 {[%emt 0:00:10]} Rxh2 {[%emt 0:00:31]} 54. Ra8+ {[%emt 0:00:06]}
Kf7 {[%emt 0:00:02]} 55. Ra7+ {[%emt 0:00:01]} Ke8 {[%emt 0:00:01]} 56. Ra8+ {
[%emt 0:00:02]} Kd7 {[%emt 0:02:01]} 57. f7 {[%emt 0:00:27]} Rf2+ {[%emt 0:00:
02]} 58. Kg6 {[%emt 0:00:03]} Kd6 {[%emt 0:01:28]} 1/2-1/2

[Event "European Rapid Championship 2021"]
[Site "Katowice"]
[Date "2021.12.18"]
[Round "2.6"]
[White "Andersen, Mads"]
[Black "Hadrys, Bogdan"]
[Result "1-0"]
[WhiteElo "2574"]
[BlackElo "1983"]
[Annotator "TA"]
[PlyCount "91"]
[EventDate "2021.12.18"]
[EventType "swiss"]
[EventCountry "POL"]
[SourceTitle "playchess.com"]
[Source "ChessBase"]
[SourceQuality "1"]

{[%evp 11,91,24,36,-13,17,-2,15,33,31,16,124,58,140,134,129,126,128,126,143,
118,122,120,124,119,125,113,123,136,126,120,136,136,136,132,152,145,152,152,
146,145,158,160,150,151,157,167,156,141,139,134,163,173,218,207,226,193,389,
383,365,342,342,327,424,404,413,0,297,298,451,450,560,384,691,531,484,497,836,
821,1852,1706,1510,1487]} 1. Nf3 Nf6 2. g3 g6 3. b3 Bg7 4. Bb2 d6 5. d4 Nbd7 6.
Bg2 O-O {[%cal Oe7e5]} 7. Qd2 $5 {[%mdl 4] An interesting side line. A49: 1 d4
Nf6 2 Nf3 g6 3 g3: Anti-King's Indian systems.} (7. O-O $14) 7... Re8 {[#]} 8.
c4 $146 ({Predecessor:} 8. Nc3 a6 9. e4 c5 10. O-O cxd4 11. Nxd4 Rb8 12. a4 Ne5
13. f4 Nc6 14. Nce2 Bd7 {0-1 (34) Sanal,V (2551)-Demchenko,A (2660) Riadh 2017}
) 8... e5 (8... c6 {keeps more tension.} 9. O-O e5 10. dxe5 dxe5 11. Nxe5 Nxe5
12. Qxd8 Rxd8 13. Bxe5 Re8) 9. dxe5 {The position is equal.} dxe5 10. Nxe5 Qe7
{[#]} (10... Nc5 $1 $11 {keeps the balance.}) 11. Nxd7 {White is more active.}
(11. Nd3 $1 $16) 11... Nxd7 (11... Bxd7 $14 12. Nc3 (12. Bxb7 $2 Rad8 $19)
12... Rad8) 12. Bxg7 $16 Kxg7 13. Nc3 c6 14. O-O Nf6 {To avoid Ne4} 15. Rfe1
Be6 16. Rad1 Rad8 17. Qb2 Kg8 18. h3 Rxd1 19. Rxd1 Rd8 20. Qc1 Rxd1+ 21. Qxd1 (
{But not} 21. Nxd1 Qd7 $16) 21... Qd7 22. Qxd7 Bxd7 {[%mdl 4096] Endgame
KBN-KBN} 23. e4 Ne8 24. f4 f6 25. Kf2 Nc7 26. Ke3 Kf7 27. h4 h6 28. Bf3 Ke7 29.
Ne2 b6 30. Nc1 Kd6 31. Nd3 Ke7 (31... Ne6 {was necessary.} 32. e5+ fxe5) 32. c5
$18 Ne6 33. b4 b5 $2 (33... bxc5 34. bxc5 Nd8) 34. a3 Nf8 35. Ne1 Ne6 36. Nc2
Ng7 37. Nd4 Ne6 38. Nc2 $2 ({White should try} 38. Nxe6 $18 Kxe6 39. Kd4) 38...
g5 $2 {[%mdl 8192]} (38... Ng7 $1 $11 39. g4 Ne6) 39. Bh5 Nd8 (39... gxh4 {
might work better.} 40. gxh4 Kf8) 40. Nd4 Nf7 41. Bg6 gxh4 $2 (41... Nh8 42.
Bh5 Nf7) 42. gxh4 {[#] aiming for Bxf7. White is clearly winning.} Nd8 43. Kf3
Bc8 (43... a6 $142 44. Bf5 Be8) 44. Bf5 Bd7 45. Bxd7 Kxd7 46. Kg4 {Weighted
Error Value: White=0.29 (precise) /Black=0.57} 1-0